El sitio de Corinto / (Record no. 194825)
[ view plain ]
| 000 -LEADER | |
|---|---|
| campo de control de longitud fija | 01229nam a2200349 i 4500 |
| 001 - NÚMERO DE CONTROL | |
| campo de control | 194825 |
| 003 - IDENTIFICADOR DE NÚMERO DE CONTROL | |
| campo de control | SpMaBN |
| 005 - FECHA Y HORA DE LA ÚLTIMA TRANSACCIÓN | |
| campo de control | 20250724063439.0 |
| 007 - CAMPO FIJO DE DESCRIPCIÓN FÍSICA--INFORMACIÓN GENERAL | |
| campo de control de longitud fija | ta |
| 008 - DATOS DE LONGITUD FIJA--INFORMACIÓN GENERAL | |
| campo de control de longitud fija | 240517s1943 sp | |||| 000 j spa |
| 035 ## - NÚMERO DE CONTROL DEL SISTEMA | |
| Número de control de sistema | (OCoLC)868875967 |
| 035 ## - NÚMERO DE CONTROL DEL SISTEMA | |
| Número de control de sistema | a4735602 |
| 040 ## - FUENTE DE CATALOGACIÓN | |
| Centro catalogador/agencia de origen | SpMaBN |
| Lengua de catalogación | spa |
| Centro/agencia transcriptor | SpMaBN |
| Normas de descripción | rdc |
| Centro/agencia modificador | ES-MaACL |
| 080 ## - NÚMERO DE LA CLASIFICACIÓN DECIMAL UNIVERSAL | |
| Número de la Clasificación Decimal Universal | 821.111-327"18" |
| 100 1# - ENTRADA PRINCIPAL--NOMBRE DE PERSONA | |
| Nombre de persona | Byron, George Gordon Byron, |
| Títulos y otros términos asociados al nombre | Baron, |
| Fechas asociadas al nombre | 1788-1824 |
| Número de control del registro de autoridad o número normalizado | XX1164521 |
| 9 (RLIN) | 33026 |
| 245 13 - MENCIÓN DEL TÍTULO | |
| Título | El sitio de Corinto / |
| Mención de responsabilidad, etc. | Lord Byron. |
| 260 ## - PUBLICACIÓN, DISTRIBUCIÓN, ETC. | |
| Lugar de publicación, distribución, etc. | Madrid : |
| Nombre del editor, distribuidor, etc. | [Dédalo], |
| Fecha de publicación, distribución, etc. | 1943. |
| 300 ## - DESCRIPCIÓN FÍSICA | |
| Extensión | 16 p. ; |
| Dimensiones | 29 cm |
| 336 ## - TIPO DE CONTENIDO | |
| Fuente | rdacontent |
| Término de tipo de contenido | texto |
| 337 ## - TIPO DE MEDIO | |
| Fuente | rdamedia |
| Nombre/término del tipo de medio | sin mediación |
| 338 ## - TIPO DE SOPORTE | |
| Fuente | rdacarrier |
| Nombre/término del tipo de soporte | volumen |
| 490 1# - MENCIÓN DE SERIE | |
| Mención de serie | Novelas y cuentos |
| 500 ## - NOTA GENERAL | |
| Nota general | Incluye otras obras del autor |
| 773 ## - ASIENTO DE ITEM FUENTE | |
| Número bibliográfico anfitrión | 194742 |
| Número de ítem anfitrión | 202381 |
| Parte(s) relacionada(s) | G-15981 |
| Encabezamiento principal | Obras encuadernadas juntas |
| 830 ## - PUNTO DE ACCESO ADICIONAL DE SERIE-TÍTULO UNIFORME | |
| 9 (RLIN) | 236505 |
| Título uniforme | Novelas y cuentos (Dédalo) |
| 852 ## - LOCALIZACIÓN | |
| Ubicación | ES-MaACL |
| Ubicación en estantería | Depósito 2 |
| Número de control de estantería | G-15981(12) |
| Donativo/Legado | Legado: Juan Antonio Porto |
| itemnumber | 202381 |
| Encuadernación | Encuadernado con otras obras formando un volumen facticio. |
| 903 ## - NOMBRE PERSONAL DE DONANTE | |
| 9 | 93285 |
| a | Porto, Juan Antonio, |
| q | 1 |
| d | 1937-2021 |
| e | Donante |
| 942 ## - ELEMENTOS DE ENTRADA SECUNDARIOS (KOHA) | |
| Suprimir en OPAC | No |
| Tipo de ítem Koha | Libro impreso |
No items available.
